Nové výzvy podnikania v poľnohospodárstve po vstupe SR do EÚ

Novým fenoménom po vstupe Slovenska do Európskej únie pre slovenských poľnohospodárov je mechanizmus intervenčných nákupov (intervencie). Priame platby. Výška priamych platieb v nových členských krajinách. Nízka produktivita poľnohospodárstva v SR. Nové možnosti v oblasti biopalív.

Saved in:
Bibliographic Details
Main Author: Biehunek, Jaroslav
Format: Book Chapter
Language:Slovak
Subjects:
Tags: Add Tag
No Tags, Be the first to tag this record!

MARC

LEADER 00000naa$a2200000$$$4500
001 0052003
005 20240502114502.7
041 0 |a slo 
044 |a SK 
245 1 0 |a Nové výzvy podnikania v poľnohospodárstve po vstupe SR do EÚ  |c Jaroslav Biehunek 
520 |a Novým fenoménom po vstupe Slovenska do Európskej únie pre slovenských poľnohospodárov je mechanizmus intervenčných nákupov (intervencie). Priame platby. Výška priamych platieb v nových členských krajinách. Nízka produktivita poľnohospodárstva v SR. Nové možnosti v oblasti biopalív. 
610 2 0 |a poľnohospodárstvo 
610 2 0 |a politika poľnohospodárska 
610 2 0 |a podnikanie 
610 2 0 |a nákup 
610 2 0 |a intervencie 
610 2 0 |a produktivita 
610 2 0 |a bioprodukty 
610 2 0 |a Slovensko 
100 1 |a Biehunek, Jaroslav